000 01221cam a22001934a 4500
005 20250605164358.0
008 250528s ||||||||||||||||||||||||d
035 _a24448
040 _aGR-AtMCL
_bgre
_dGR-AtMCL
_eAACR2
245 1 _aΞεχωρίζουμε με Πείσμα, Μέσα από Υγιείς Πρακτικές Ανάπτυξης
260 _c2016
300 _a50
520 _aAdvertising Trends: Media Planning στον Έβδομο Χρόνο της Οικονομικής Κρίσης, Κατάργηση Αγγελιοσήμου: Ιστορική Νίκη και Νέοι Αγώνες, CSR Conference: Η Εταιρική Υπευθυνότητα Φαίνεται στην Πράξη, 27ο Συνέδριο Ηγεσίας ΕΑΣΕ: Leadership! Ηγετική Νοοτροπία χωρίς Αυταπάτες, Marketing Excellence Awards: Αναδεικνύοντας το Ρόλο του Marketing στην Επιχειρηματική Λειτουργία, Best Workplaces '16: Εργασιακό Περιβάλλον με Διάκριση.
700 1 _aΚορδελάς Δημήτρης
_99464
942 _cCR
710 2 _aThe Marketing Week
_99825
999 _c9329
_d9329